<?xml version="1.0" encoding="UTF-8"?>
<record
    xmlns:xsi="http://www.w3.org/2001/XMLSchema-instance"
    xsi:schemaLocation="http://www.loc.gov/MARC21/slim http://www.loc.gov/standards/marcxml/schema/MARC21slim.xsd"
    xmlns="http://www.loc.gov/MARC21/slim">

  <leader>01315nam a2200313 a 4500</leader>
  <controlfield tag="001">000046783</controlfield>
  <controlfield tag="003">DO-SdBNP</controlfield>
  <controlfield tag="005">20260128080347.0</controlfield>
  <controlfield tag="007">ta</controlfield>
  <controlfield tag="008">110211s2014    dr a          000 0bspa d</controlfield>
  <datafield tag="020" ind1=" " ind2=" ">
    <subfield code="a">9789945468182</subfield>
  </datafield>
  <datafield tag="040" ind1=" " ind2=" ">
    <subfield code="a">DO-SdBNP</subfield>
    <subfield code="b">spa</subfield>
    <subfield code="c">BNPHU</subfield>
  </datafield>
  <datafield tag="082" ind1=" " ind2="4">
    <subfield code="a">928.61</subfield>
    <subfield code="b">L864C, 2014</subfield>
    <subfield code="2">22</subfield>
  </datafield>
  <datafield tag="100" ind1="1" ind2=" ">
    <subfield code="a">Cass&#xE1;, Roberto, </subfield>
    <subfield code="d">1948-</subfield>
    <subfield code="9">10888</subfield>
  </datafield>
  <datafield tag="245" ind1="1" ind2="0">
    <subfield code="a">Andr&#xE9;s L&#xF3;pez de Medrano :</subfield>
    <subfield code="b">precursor de la democracia /</subfield>
    <subfield code="c">Roberto Cass&#xE1; ; ilustraciones, Jos&#xE9; Mercader.</subfield>
  </datafield>
  <datafield tag="260" ind1=" " ind2=" ">
    <subfield code="a">Santo Domingo :</subfield>
    <subfield code="b">Tobog&#xE1;n,</subfield>
    <subfield code="c">2014</subfield>
  </datafield>
  <datafield tag="300" ind1=" " ind2=" ">
    <subfield code="a">50 p. :</subfield>
    <subfield code="b">il. ;</subfield>
    <subfield code="c">23 cm.</subfield>
  </datafield>
  <datafield tag="490" ind1="1" ind2=" ">
    <subfield code="a">Biograf&#xED;as Dominicanas  </subfield>
  </datafield>
  <datafield tag="500" ind1=" " ind2=" ">
    <subfield code="a">Incluye datos biogr&#xE1;ficos del autor en la contracubierta.</subfield>
  </datafield>
  <datafield tag="504" ind1=" " ind2=" ">
    <subfield code="a">Bibliograf&#xED;a : p. 47 p.</subfield>
  </datafield>
  <datafield tag="505" ind1=" " ind2=" ">
    <subfield code="t">Contexto hist&#xF3;rico trastornado.</subfield>
    <subfield code="t">La formaci&#xF3;n del pensador.--</subfield>
    <subfield code="t">La l&#xF3;gica.--</subfield>
    <subfield code="t">Apologista de la democracia.--</subfield>
    <subfield code="t">En el intento independentista.--</subfield>
    <subfield code="t">Esperanzas en Hait&#xED; y r&#xE1;pido desencanto.--</subfield>
    <subfield code="t">Media vida en Puerto Rico.--</subfield>
    <subfield code="t">Bibliograf&#xED;a</subfield>
  </datafield>
  <datafield tag="590" ind1=" " ind2=" ">
    <subfield code="a">Inventariado, 2019 / YL</subfield>
  </datafield>
  <datafield tag="600" ind1="1" ind2="4">
    <subfield code="a">L&#xF3;pez de Medrano, Andr&#xE9;s</subfield>
    <subfield code="d">1780-1856</subfield>
    <subfield code="9">51688</subfield>
  </datafield>
  <datafield tag="650" ind1=" " ind2="4">
    <subfield code="a">Escritores dominicanos</subfield>
    <subfield code="v">Bigraf&#xED;as</subfield>
    <subfield code="9">19138</subfield>
  </datafield>
  <datafield tag="651" ind1=" " ind2="4">
    <subfield code="a">Rep&#xFA;blica Dominicana</subfield>
    <subfield code="v">Biograf&#xED;as</subfield>
    <subfield code="9">1083</subfield>
  </datafield>
  <datafield tag="700" ind1="1" ind2=" ">
    <subfield code="a">Mercader, Jos&#xE9;,</subfield>
    <subfield code="e">il.</subfield>
    <subfield code="9">768</subfield>
  </datafield>
  <datafield tag="830" ind1=" " ind2=" ">
    <subfield code="a">Tobog&#xE1;n:</subfield>
    <subfield code="9">19139</subfield>
    <subfield code="p">Biograf&#xED;as Dominicanas </subfield>
  </datafield>
  <datafield tag="942" ind1=" " ind2=" ">
    <subfield code="2">ddc</subfield>
    <subfield code="c">LBS1</subfield>
  </datafield>
  <datafield tag="952" ind1=" " ind2=" ">
    <subfield code="0">0</subfield>
    <subfield code="1">0</subfield>
    <subfield code="2">ddc</subfield>
    <subfield code="5">6</subfield>
    <subfield code="7">0</subfield>
    <subfield code="8">DS</subfield>
    <subfield code="a">BNPHU</subfield>
    <subfield code="b">BNPHU</subfield>
    <subfield code="c">CT</subfield>
    <subfield code="d">2018-03-26</subfield>
    <subfield code="o">928.61 L864C, 2014</subfield>
    <subfield code="p">46783-30</subfield>
    <subfield code="r">2020-06-25</subfield>
    <subfield code="t">e. 3</subfield>
    <subfield code="w">2020-06-25</subfield>
    <subfield code="y">LBS1</subfield>
  </datafield>
  <datafield tag="952" ind1=" " ind2=" ">
    <subfield code="0">0</subfield>
    <subfield code="1">0</subfield>
    <subfield code="2">ddc</subfield>
    <subfield code="5">1</subfield>
    <subfield code="7">0</subfield>
    <subfield code="8">PD</subfield>
    <subfield code="a">BNPHU</subfield>
    <subfield code="b">BNPHU</subfield>
    <subfield code="c">HD</subfield>
    <subfield code="d">2018-03-26</subfield>
    <subfield code="o">928.61 L864C, 2014</subfield>
    <subfield code="p">46783-10</subfield>
    <subfield code="r">2020-06-25</subfield>
    <subfield code="w">2020-06-25</subfield>
    <subfield code="y">LBS1</subfield>
  </datafield>
  <datafield tag="952" ind1=" " ind2=" ">
    <subfield code="0">0</subfield>
    <subfield code="1">0</subfield>
    <subfield code="2">ddc</subfield>
    <subfield code="5">1</subfield>
    <subfield code="7">0</subfield>
    <subfield code="8">PD</subfield>
    <subfield code="a">BNPHU</subfield>
    <subfield code="b">BNPHU</subfield>
    <subfield code="c">HD</subfield>
    <subfield code="d">2018-03-26</subfield>
    <subfield code="o">928.61 L864C, 2014</subfield>
    <subfield code="p">46783-20</subfield>
    <subfield code="r">2020-06-25</subfield>
    <subfield code="t">e. 2</subfield>
    <subfield code="w">2020-06-25</subfield>
    <subfield code="y">LBS1</subfield>
  </datafield>
  <datafield tag="952" ind1=" " ind2=" ">
    <subfield code="0">0</subfield>
    <subfield code="1">0</subfield>
    <subfield code="2">ddc</subfield>
    <subfield code="5">6</subfield>
    <subfield code="7">0</subfield>
    <subfield code="8">DS</subfield>
    <subfield code="a">BNPHU</subfield>
    <subfield code="b">BNPHU</subfield>
    <subfield code="c">CT</subfield>
    <subfield code="d">2021-09-03</subfield>
    <subfield code="e">Donado por ADP</subfield>
    <subfield code="o">928.61 L864C, 2014</subfield>
    <subfield code="p">2023-0352</subfield>
    <subfield code="r">2023-01-24</subfield>
    <subfield code="t">e.4</subfield>
    <subfield code="w">2023-01-24</subfield>
    <subfield code="y">LBS1</subfield>
  </datafield>
  <datafield tag="952" ind1=" " ind2=" ">
    <subfield code="0">0</subfield>
    <subfield code="1">0</subfield>
    <subfield code="2">ddc</subfield>
    <subfield code="5">6</subfield>
    <subfield code="7">0</subfield>
    <subfield code="8">DS</subfield>
    <subfield code="a">BNPHU</subfield>
    <subfield code="b">BNPHU</subfield>
    <subfield code="c">CT</subfield>
    <subfield code="d">2021-09-03</subfield>
    <subfield code="e">Donado por ADP</subfield>
    <subfield code="o">928.61 L864C, 2014</subfield>
    <subfield code="p">2023-0392</subfield>
    <subfield code="r">2023-01-24</subfield>
    <subfield code="t">e.5</subfield>
    <subfield code="w">2023-01-24</subfield>
    <subfield code="y">LBS1</subfield>
  </datafield>
  <datafield tag="999" ind1=" " ind2=" ">
    <subfield code="c">46272</subfield>
    <subfield code="d">46272</subfield>
  </datafield>
</record>
